| 000 | 00951nas a2200337 4500 | ||
|---|---|---|---|
| 001 | BR0603093 | ||
| 003 | BR-BrBNA | ||
| 005 | 20231205110136.0 | ||
| 007 | ta | ||
| 008 | 230509b bl.|||p| |||| 00| 00por d | ||
| 040 |
_aBR-BrBNA _bpor _cBiblioteca Nacional de Agricultura |
||
| 041 | _a(Pt) | ||
| 072 | _aL51 | ||
| 100 | 1 | _aLui, J.F. | |
| 100 | 1 | _aAndrade, B.R.P. | |
| 100 | 1 | _aOliveira, M.C. | |
| 100 | 1 | _aSantos, E.A. | |
| 100 | 1 | _aCaires, D.R. | |
| 245 | 1 | _aValor nutritivo do feno de alfafa e do pé de milho moído para coelhos em crescimento | |
| 650 | _aCOELHO | ||
| 650 | _aNUTRICAO ANIMAL | ||
| 650 | _aFENO | ||
| 650 | _aALFAFA | ||
| 650 | _aMILHO | ||
| 650 | _aVALOR NUTRITIVO | ||
| 650 | _aDIGESTIBILIDADE | ||
| 650 | _aCRESCIMENTO | ||
| 773 | 0 |
_tArs Veterinária (Brazil) _xISSN 0102-6380 _g(Jun 2005), v. 21(Suplemento) p. 142-146 _wBR0603093 |
|
| 909 |
_a202311 _bLúcia _c55 _dLúcia Elande |
||
| 942 |
_2AGRIS _n0 _cANA |
||
| 999 |
_c186333 _d186333 |
||